000 00754nam a22001937a 4500
999 _c16153
_d16153
003 AR-CdUCM
008 190502b ||||| |||| 00| 0 spa d
040 _aMUNICIPALIDAD PROVINCIAL DEL CUSCO
_cBIBLIOTECA MUNICIPAL DEL CUSCO
082 _210ed.
_a348.474 /
_bC71
245 _aCódigo agrario y leyes complementarias /
260 _aMéxico, D.F. :
_bPorrua,
_c1964.
300 _a406 páginas ;
_c17 cm.
505 _aContenido: Reglamento de la división ejidal -- Acuerdo complementario del que estableció las bases para el reconocimiento y protección de la pequeña propiedad agrícola ...
650 _aReforma agraria
_91861
650 _aPropiedad agrícola
_97551
650 _aPerú
_935
942 _2ddc
_cLIBROS
945 _aacv
_d2019-05-02